Essex pauper letters, 1731-1837
Αποθηκεύτηκε σε:
| Άλλοι συγγραφείς: | |
|---|---|
| Μορφή: | Βιβλίο |
| Γλώσσα: | English |
| Δημοσίευση: |
Oxford; New York :
Published for British Academy by Oxford University Press,
c2001
|
| Σειρά: | Records of social and economic history ;
; 30 |
| Θέματα: | |
| Ετικέτες: |
Προσθήκη ετικέτας
Δεν υπάρχουν, Καταχωρήστε ετικέτα πρώτοι!
|
MARC
| LEADER | 00000nam a2200000 i 4500 | ||
|---|---|---|---|
| 001 | 1/43905 | ||
| 008 | 031030s2001 eng d | ||
| 020 | |a 0-19-726242-2 | ||
| 035 | |l 10071446 | ||
| 040 | |a GR-MY-UA |b gre |e aacr | ||
| 041 | 0 | |a eng | |
| 082 | 0 | |a 305.569094209033 |2 (21) | |
| 245 | 1 | 0 | |a Essex pauper letters, 1731-1837 / |c edited by Thomas Sokoll |
| 260 | |a Oxford; New York : |b Published for British Academy by Oxford University Press, |c c2001 | ||
| 300 | |a xli, 727 σ.; |b εικ.; |c 25 εκ. | ||
| 490 | 1 | |a Records of social and economic history |v ; 30 | |
| 504 | |a Περιέχει βιβλιογραφία και ευρετήριο | ||
| 650 | 0 | 0 | |a Poor |z England |z Essex |x Correspondence. |
| 650 | 0 | 0 | |a Poor |z England |z Essex |x History |y 18th century |x Sourses. |
| 650 | 0 | 0 | |a Poor |z England |z Essex |x History |y 19th century |x Sourses. |
| 650 | 0 | 0 | |a Poor laws |z England |z Essex |x History |y 18th century |x Sourses. |
| 651 | 0 | |a Essex (England) |x Social conditions |y 18th century |x Sourses. | |
| 651 | 0 | |a Essex (England) |x Social conditions |y 19th century |x Sourses. | |
| 700 | 1 | |a Sokoll, Thomas. |4 edt | |
| 830 | 0 | |a Records of social and economic history ; |v ; 30 | |
| 852 | |a INST |b LESVOS |e 20031030 |h 305.569094209033 ESS |p 005100029592 |q 005100029592 |t BK |y 0 | ||
| 901 | |a BIBL1-2003-3 | ||
| 909 | |a Λ |b 106756 | ||
| 922 | |a 1ΕΛΗ |b 200310 |c ΕΠΕΑΕΚ2/ΤΚΑ |d ΜΙΧΑΛΟΠΟΥΛΟΣ | ||
| 950 | |a 117-2003-09-05 | ||
| 970 | |a ΚΑΡΑ |b ΓΙΑΣΕΜΗ |z 2003/11/21 | ||